000 00626nam a2200181 a 4500
001 000044063
005 20201002045126.0
008 140514s1990 sp a 000 0 spa d
020 _a8423962695
040 _aDO-SdBNP
_bspa
_cBNPHU
245 0 0 _aEspaña :
_bsociedad política /
_cMiguel Beltrán Villalva...[et al.] ;dirigido por Salvador Giner.
260 _aMadrid :
_bEspasa-Calpe,
_c1990.
300 _a693 p. ;
_c27 cm.
500 _aIncluye índice
504 _aIncluye referencias bibliográficas y notas al pie de las páginas
700 1 2 _aBeltrán, Miguel
_d1935-
_972051
700 1 2 _aGiner, Salvador
_d1934-
_968944
999 _c43552
_d43552